[Event "SVK Extraliga 2019-20"]
[Site "Slovakia"]
[Date "2020.02.29"]
[Round "7.8"]
[White "Kovacik, Emil"]
[Black "Varga, Lukas"]
[Result "0-1"]
[WhiteElo "2117"]
[BlackElo "1926"]
[Annotator "TA"]
[PlyCount "76"]
[EventDate "2019.10.19"]
[EventType "team-tourn"]
[EventCountry "SVK"]
[SourceTitle "playchess.com"]
[Source "ChessBase"]
[SourceQuality "1"]
[WhiteTeam "Dubnica"]
[BlackTeam "Kosice"]

{[%evp 19,76,5,9,4,14,-7,0,0,0,0,138,60,64,64,67,69,76,0,0,0,0,-6,5,-6,55,7,12,16,14,6,51,0,16,-41,-11,-7,-8,-464,-489,-535,-522,-527,-532,-515,-492,-554,-541,-588,-585,-768,-583,-981,-901,-893,-885,-937,-904,-29994,-29995]} 1. e4 c5 2. c3 Nf6 3. e5 Nd5 4. d4 cxd4 5. Nf3 e6 6. cxd4 d6 7. Bc4 Nc6 8. O-O Be7 9. Qe2 O-O 10. Rd1 {outshines the older 10.Nc3. Played by Nikita Vitiugov in September 2019.} Na5 11. Bd3 {B22: Sicilian: 2 c3.} Nb4 {[#]} 12. Qe4 $146 {[%csl Gd3][%cal Re4h7]} ({Predecessor:} 12. Nc3 Nxd3 13. Rxd3 d5 14. Ne1 f5 15. exf6 Bxf6 16. Bf4 Bd7 17. Rad1 Qe7 18. Re3 Qf7 {1-0 (42) Kosteniuk,A (2546)-Muzychuk,M (2563) Kazan 2019}) 12... Nxd3 13. Rxd3 {The position is equal.} Bd7 14. Nc3 Bc6 (14... d5 $11 {keeps the balance.} 15. Qg4 Kh8) 15. Qg4 (15. d5 $16 exd5 16. Nxd5) 15... f5 $14 16. exf6 $1 {[%mdl 64] Discovered Attack} Rxf6 17. d5 Bd7 18. Qh5 (18. Bg5 $16 exd5 19. Qh4) 18... Rf5 $36 {[%mdl 2048] Black is more active.} 19. Qg4 e5 {Threatens to win with ...Rf4.} 20. Qb4 b5 21. Ne4 Nc4 (21... Rf8 $11) 22. b3 a5 23. Qe1 Nb6 24. Be3 Rf8 25. Nfd2 (25. Nfg5 $14) 25... Qc7 26. f3 ({White should play} 26. Rc1 $11 Qd8 27. f3) 26... Bf5 27. Qf2 Nd7 28. Nf1 $2 {[%mdl 8192] This costs White the game.} (28. Rc3 $11 {and White stays safe.} Qb8 29. Rac1) 28... Bxe4 $1 $19 {[%mdl 64] Pin} 29. Rd2 Bg6 30. Ng3 Rac8 31. Qe2 Qc3 32. Re1 Qb4 33. Qd1 Nc5 {[%cal Bd7c5,Bc5d3,Bd3e1][%mdl 32]} 34. f4 {[#]} Nd3 $1 35. f5 (35. Rxd3 Bxd3) 35... Nxe1 36. fxg6 Qc3 37. gxh7+ Kh8 38. Qxe1 {[#]} Qxe3+ $1 {[%mdl 576] Double Attack. Accuracy: White = 45%, Black = 73%.} 0-1

[Event "SVK Extraliga 2019-20"]
[Site "Slovakia"]
[Date "2020.02.29"]
[Round "7.8"]
[White "Striskova, Lucia"]
[Black "Kopera, Michal"]
[Result "1/2-1/2"]
[WhiteElo "1649"]
[BlackElo "2159"]
[Annotator "ChessBase"]
[PlyCount "72"]
[EventDate "2019.10.19"]
[EventType "team-tourn"]
[EventCountry "SVK"]
[SourceTitle "playchess.com"]
[Source "ChessBase"]
[SourceQuality "1"]
[WhiteTeam "Bratislava"]
[BlackTeam "Zilina"]
[TimeControl "40/5400+30:1800+30"]

1. e4 {[%emt 0:00:00]} e5 {[%emt 0:00:00]} 2. Nf3 {[%emt 0:00:00]} Nc6 {[%emt 0:00:00]} 3. d4 {[%emt 0:00:30]} exd4 {[%emt 0:00:09]} 4. Nxd4 {[%emt 0:00:07]} Nf6 {[%emt 0:00:49]} 5. Nxc6 {[%emt 0:01:44]} bxc6 {[%emt 0:00:11]} 6. e5 {[%emt 0:00:09]} Qe7 {[%emt 0:01:19]} 7. Qe2 {[%emt 0:00:22]} Nd5 {[%emt 0:00:22]} 8. c4 {[%emt 0:00:23]} Ba6 {[%emt 0:02:45]} 9. b3 {[%emt 0:01:06]} g6 {[%emt 0:03:40]} 10. Ba3 {[%emt 0:02:09]} Qg5 {[%emt 0:17:28]} 11. Bxf8 {[%emt 0:10:05]} Kxf8 {[%emt 0:02:24]} 12. Qb2 {[%emt 0:02:39]} Ne7 {[%emt 0:13:21]} 13. e6 {[%emt 0:02:36]} f6 {[%emt 0:03:15]} 14. exd7 {[%emt 0:01:02]} Kf7 {[%emt 0:10:07]} 15. Nd2 {[%emt 0:04:29]} Qg4 {[%emt 0:08:48]} 16. f3 {[%emt 0:16:29]} Qxd7 {[%emt 0:01:44]} 17. Ne4 {[%emt 0:02:32]} Qe6 {[%emt 0:01:13]} 18. O-O-O {[%emt 0:01:59]} Rad8 {[%emt 0:00:55]} 19. Bd3 {[%emt 0:00:52]} Qe5 {[%emt 0:07:20]} 20. Qxe5 {[%emt 0:05:42]} fxe5 {[%emt 0:00:03]} 21. Rd2 {[%emt 0:01:55]} Nf5 {[%emt 0:04:18]} 22. Nc5 {[%emt 0:02:44]} Bc8 {[%emt 0:00:28]} 23. Bxf5 {[%emt 0:00:14]} gxf5 {[%emt 0:00:48]} 24. Rhd1 {[%emt 0:04:11]} Rxd2 {[%emt 0:02:17]} 25. Rxd2 {[%emt 0:00:08]} Rg8 {[%emt 0:01:26]} 26. Kb2 {[%emt 0:04:03]} Ke7 {[%emt 0:00:36]} 27. Kc3 {[%emt 0:01:07]} h5 {[%emt 0:01:37]} 28. Nd3 {[%emt 0:02:43]} Kf6 {[%emt 0:02:34]} 29. Re2 {[%emt 0:01:23]} Re8 {[%emt 0:00:47]} 30. h4 {[%emt 0:02:46]} Re6 {[%emt 0:02:36]} 31. Nc5 {[%emt 0:00:43]} Re7 {[%emt 0:02:12]} 32. Kb4 {[%emt 0:01:36]} Rg7 {[%emt 0:03:16]} 33. Nd3 {[%emt 0:01:54]} Re7 {[%emt 0:01:28]} 34. Nc5 {[%emt 0:02:07]} Rg7 {[%emt 0:00:16]} 35. Nd3 {[%emt 0:00:33]} Re7 {[%emt 0:00:16]} 36. Nc5 {[%emt 0:02:04]} Rg7 1/2-1/2

[Event "SVK Extraliga 2019-20"]
[Site "Slovakia"]
[Date "2020.03.01"]
[Round "8.1"]
[White "Papp, Gabor"]
[Black "Hracek, Zbynek"]
[Result "1/2-1/2"]
[WhiteElo "2593"]
[BlackElo "2562"]
[Annotator "TA"]
[PlyCount "36"]
[EventDate "2019.10.19"]
[EventType "team-tourn"]
[EventCountry "SVK"]
[SourceTitle "playchess.com"]
[Source "ChessBase"]
[SourceQuality "1"]
[WhiteTeam "Slovan"]
[BlackTeam "Zilina"]

{[%evp 19,36,0,0,0,0,0,9,8,13,0,11,10,18,38,78,75,60,52,49]} 1. e4 c5 2. Nf3 Nc6 3. d4 cxd4 4. Nxd4 Nf6 5. Nc3 e5 6. Ndb5 d6 7. Nd5 Nxd5 8. exd5 Nb8 9. a4 Be7 10. Be2 O-O 11. O-O {B33: Sicilian: Pelikan and Sveshnikov Variations.} Nd7 12. Bd2 $1 {[%mdl 4] is now more promising than 12.Kh1. Played by Maxime Vachier Lagrave in December 2019.} a6 13. Na3 {The position is equal.} a5 14. Nb5 $5 {[%mdl 4] Leaves trodden paths.} f5 15. f4 {[#]} exf4 $146 ({Predecessor:} 15... Bf6 16. Kh1 Nc5 17. c3 b6 18. Be3 g6 19. Na3 exf4 20. Bxf4 g5 21. Be3 Ra7 {1-0 (39) Gukesh,D (2542)-Lombaers,P (2383) Caleta 2020}) 16. Bxf4 g5 17. Be3 Ne5 18. Bd4 Bf6 {Black did not feel at home in the position after the opening.} 1/2-1/2

[Event "SVK Extraliga 2019-20"]
[Site "Slovakia"]
[Date "2020.03.01"]
[Round "8.1"]
[White "Balogh, Csaba"]
[Black "Stocek, Jiri"]
[Result "1/2-1/2"]
[WhiteElo "2588"]
[BlackElo "2588"]
[Annotator "TA"]
[PlyCount "37"]
[EventDate "2019.10.19"]
[EventType "team-tourn"]
[EventCountry "SVK"]
[SourceTitle "playchess.com"]
[Source "ChessBase"]
[SourceQuality "1"]
[WhiteTeam "Kosice"]
[BlackTeam "Modra"]

{[%evp 12,23,42,39,27,30,36,40,35,28,35,-35,-30,-16]} 1. e4 c5 2. Nf3 e6 3. d4 cxd4 4. Nxd4 Nf6 5. Nc3 Nc6 6. Ndb5 Bc5 7. Bf4 {[#] Hoping for Nc7+.} O-O {B45: Sicilian Four Knights.} 8. Bc7 Qe7 9. Bd6 $1 {[%cal Rd6e7]} Bxd6 10. Qxd6 Qd8 11. Qc7 (11. O-O-O $14) 11... d5 $15 12. exd5 {[#] White did not feel at home in the position after the opening.} {Predecessor:} exd5 $146 13. O-O-O d4 14. Na4 Qd5 15. Kb1 Bf5 16. Qd6 Rfd8 17. Qxd5 Nxd5 18. Bd3 Bxd3 19. cxd3 {0-1 (59) Sadikhov,U (2502)-Navara,D (2703) Budva 2019} 1/2-1/2

[Event "SVK Extraliga 2019-20"]
[Site "Slovakia"]
[Date "2020.03.01"]
[Round "8.1"]
[White "Stocek, Jiri"]
[Black "Balogh, Csaba"]
[Result "*"]
[WhiteElo "2588"]
[BlackElo "2588"]
[Annotator "TA"]
[PlyCount "31"]
[EventDate "2019.10.19"]
[EventType "team-tourn"]
[EventCountry "SVK"]
[SourceTitle "playchess.com"]
[Source "ChessBase"]
[SourceQuality "1"]
[WhiteTeam "Kosice"]
[BlackTeam "Modra"]

{[%evp 12,18,42,39,37,24,31,19,40]} 1. e4 c5 2. Nf3 e6 3. d4 cxd4 4. Nxd4 Nf6 5. Nc3 Nc6 6. Ndb5 Bc5 7. Bf4 {[#] And now Nc7+ would win.} O-O {B45: Sicilian Four Knights.} 8. Bc7 Qe7 9. Bd6 $1 {[%cal Rd6e7]} Bxd6 {[#]} {Predecessor:} 10. Qxd6 $146 Qd8 11. O-O-O a6 12. Nd4 Na5 13. f3 b5 14. Nb3 Nxb3+ 15. axb3 Bb7 16. g4 {½-½ (55) Le,Q (2713)-Grachev,B (2614) Moscow 2019} *

[Event "SVK Extraliga 2019-20"]
[Site "Slovakia"]
[Date "2020.03.01"]
[Round "8.1"]
[White "Aczel, Gergely"]
[Black "Matuszewski, Michal"]
[Result "1/2-1/2"]
[WhiteElo "2506"]
[BlackElo "2509"]
[Annotator "TA"]
[PlyCount "108"]
[EventDate "2019.10.19"]
[EventType "team-tourn"]
[EventCountry "SVK"]
[SourceTitle "playchess.com"]
[Source "ChessBase"]
[SourceQuality "1"]
[WhiteTeam "Podhajska"]
[BlackTeam "Prakovce"]

{[%evp 16,108,18,21,23,33,33,20,20,14,18,18,16,10,14,0,1,-27,-6,-28,-20,-72,-65,-99,-101,-95,-104,-104,-7,-35,-26,-29,0,0,0,0,0,-5,0,0,0,0,0,0,0,0,0,0,0,0,0,0,15,0,0,0,0,0,0,0,0,0,0,0,0,0,0,0,0,0,0,0,0,0,0,0,0,0,0,0,0,0,0,0,0,0,0,0,0,0,0,0,0,0,0]} 1. d4 d5 2. c4 c6 3. cxd5 cxd5 4. Bf4 Nc6 5. e3 Nf6 6. Nc3 a6 7. Bd3 Bg4 8. Nge2 e6 9. Rc1 Bd6 {D10: Slav Defence: 3 cxd5 (without early Nf3) and 3 Nc3.} 10. f3 Bh5 11. Na4 Bg6 12. O-O O-O 13. Nc5 Bxc5 14. dxc5 {[#]} Re8 $146 ({Predecessor:} 14... Qa5 15. Bd6 Rfc8 16. a3 Nd7 17. Bxg6 hxg6 18. Rc3 b5 19. b4 Qd8 20. e4 dxe4 21. fxe4 {1-0 (33) Khenkin,I (2638)-Kazhgaleyev,M (2594) Tashkent 2013}) 15. Bd6 e5 16. f4 Ng4 17. Bxg6 hxg6 18. Qd2 (18. Rf3 $11 {keeps the balance.}) 18... exf4 $17 19. Nxf4 Nxe3 20. Nxd5 Nxf1 21. Rxf1 Rc8 (21... Re4 $17 {Hoping for ...Qh4.} 22. Qf2 f5) 22. Nb6 {[#]} Rc7 $1 {[%mdl 512]} 23. Qd5 (23. Bxc7 Qxd2) 23... Rd7 24. Nxd7 {The position is equal.} Qxd7 25. a3 Re5 26. Qf3 (26. Qd3 {is interesting.} Re6 27. Rd1 a5 28. Qb5 Qe8 29. Kf1) 26... Rf5 27. Qe4 Rxf1+ 28. Kxf1 Nd8 29. b4 g5 30. h3 f6 31. Qd5+ Qf7 32. Qe4 Qd7 33. Kg1 Kf7 34. Kh2 Qe6 35. Qf3 Kg6 36. Qd3+ Qf5 37. Qc4 Qe6 38. Qc2+ Qf5 39. Qc4 Qe6 40. Qc2+ Qf5 41. Qc3 Qe4 42. a4 Qe2 43. Qb3 Ne6 44. Qd5 Nd8 45. Qb3 Ne6 46. Qd5 Nd8 47. Qg8 Nf7 48. Qb8 Nxd6 49. Qxd6 $11 {[%mdl 4096] Endgame KQ-KQ} Qc4 50. Qb8 Qd5 51. Qc7 Kf5 {[#] Threatens to win with ...Qe5+.} 52. Qc8+ Ke4 53. b5 Qe5+ 54. Kh1 Qa1+ {Accuracy: White = 89%, Black = 93%.} 1/2-1/2

[Event "SVK Extraliga 2019-20"]
[Site "Slovakia"]
[Date "2020.03.01"]
[Round "8.1"]
[White "Cernousek, Lukas"]
[Black "Navara, David"]
[Result "1/2-1/2"]
[WhiteElo "2442"]
[BlackElo "2717"]
[Annotator "TA"]
[PlyCount "50"]
[EventDate "2019.10.19"]
[EventType "team-tourn"]
[EventCountry "SVK"]
[SourceTitle "playchess.com"]
[Source "ChessBase"]
[SourceQuality "1"]
[WhiteTeam "Dubnica"]
[BlackTeam "Snina"]

{[%evp 11,50,36,50,50,73,1,5,13,21,0,-8,-9,0,11,18,0,0,0,0,0,0,0,-3,-2,19,16,12,0,0,0,0,0,0,0,12,0,14,18,9,0,0]} 1. e4 g6 2. d4 Bg7 3. Nf3 d6 4. Bc4 Nf6 5. Qe2 O-O 6. O-O Nc6 7. e5 {B06: Modern Defence.} Nd7 {[%cal Rd6e5] [#]} 8. Rd1 $146 (8. e6 $16) ({Predecessor:} 8. Bf4 Nb6 9. Bb3 Na5 10. h3 Nxb3 11. axb3 f6 12. e6 Nd5 13. Bd2 c6 14. Nc3 Nc7 {1-0 (28) Gabuzyan,H (2571)-Hilby,C (2390) chess.com INT 2018}) 8... Nb6 $11 {The position is equal.} 9. Bb5 Bg4 10. h3 {[#] Black must now prevent Bxc6.} Bxf3 11. Qxf3 Qd7 12. exd6 cxd6 13. Qb3 {Hoping for d5.} a6 14. Bxc6 $1 Qxc6 15. d5 Qc7 16. Be3 Nc4 17. Bd4 {aiming for Bxg7.} Bh6 18. a4 {[%cal Ba2a4,Ba4a5][%mdl 32]} Rac8 19. Bc3 (19. Qb4 {looks sharper.} e5 20. dxe6 fxe6 21. Na3 Nxa3 22. Qxa3 e5 23. Qb3+) 19... Qb6 20. Qxb6 Nxb6 21. a5 Nd7 22. Ra4 Rc7 23. Na3 Rfc8 24. Rb4 e5 25. dxe6 fxe6 {Accuracy: White = 85%, Black = 100%.} 1/2-1/2

[Event "SVK Extraliga 2019-20"]
[Site "Slovakia"]
[Date "2020.03.01"]
[Round "8.1"]
[White "Petenyi, Tamas"]
[Black "Mazur, Stefan"]
[Result "1-0"]
[WhiteElo "2430"]
[BlackElo "2457"]
[Annotator "TA"]
[PlyCount "157"]
[EventDate "2019.10.19"]
[EventType "team-tourn"]
[EventCountry "SVK"]
[SourceTitle "playchess.com"]
[Source "ChessBase"]
[SourceQuality "1"]
[WhiteTeam "Streda"]
[BlackTeam "Liptovska"]

{[%evp 10,157,7,3,13,-5,-12,-12,-12,-17,-20,-20,-16,-41,-29,-38,-36,-29,-5,-6,-15,-22,-6,-114,-126,-127,-114,-120,-39,-77,-5,-18,-2,-2,-12,-14,-3,-11,10,10,11,8,12,0,4,0,10,-3,9,11,14,8,4,0,0,0,104,103,189,184,194,186,247,177,256,254,242,143,183,186,197,143,200,200,201,217,210,209,228,74,74,74,74,70,70,70,70,70,70,70,70,38,38,38,38,38,38,38,38,38,38,38,38,38,38,38,38,0,0,0,38,38,1503,1411,1400,1289,1188,1162,1401,291,1533,1399,3562,2472,29959,29965,29964,29967,29967,29968,29971,29972,29972,29971,29972,29974,29983,29982,29982,29965,29952,10437,7710,1188,29984,29985,29986,29987,29987,29988]} 1. Nf3 Nf6 2. g3 g6 3. b4 Bg7 4. Bb2 O-O 5. Bg2 d6 6. O-O c5 {A05: Réti Opening: 1 Nf3 Nf6.} 7. b5 a6 8. bxa6 Rxa6 {The position is equal.} 9. c4 Nc6 {[#]} 10. d3 $146 ({Predecessor:} 10. Nc3 Bg4 11. d3 Qd7 12. Re1 Rb8 13. Qd2 Bxf3 14. Bxf3 e6 15. e3 Ne5 16. Bg2 {½-½ (35) Timurova,L (2183)-Ulms,S (2141) Halle 2000}) 10... Bg4 11. Nbd2 Qd7 12. Qb3 Rb8 13. Rfb1 b5 14. cxb5 Na5 15. Qa3 Rxb5 16. Bxf6 (16. h3 $11 Bxf3 17. Bxf3) 16... Bxf6 $17 17. Rxb5 Qxb5 18. Rb1 Qe8 (18... Nc6 $17 19. Rxb5 Rxa3) 19. Ne1 {With the idea Nc4.} Bc8 ({Of course not} 19... Bxe2 $6 20. Nc4 $1 $14 {[%mdl 512]}) (19... Qd8 $17) 20. Rb8 $11 {aiming for Bb7!} Nc6 21. Qxa6 $1 Nxb8 22. Qb6 Be6 23. Ne4 Nd7 {[%cal Bb8d7,Bd7f6,Bf6g4][%mdl 32]} (23... Bg7 {seems wilder.} 24. a4 Nd7 25. Qc6 Qd8 26. Nc2 h6) 24. Nxf6+ Nxf6 25. Bc6 Bd7 26. Bf3 Qc8 27. Nc2 d5 28. Qb2 Bg4 29. Bxg4 Nxg4 30. f3 $36 {[%mdl 2048] Black is under pressure.} Nf6 31. Qe5 Qb7 {Strongly threatening ...Qb1+.} 32. Ne3 Qb1+ (32... Qa7 $11) 33. Kf2 $16 Qxa2 (33... Qb7 $16) 34. Qxe7 $18 Qa1 35. Qxc5 d4 (35... Kg7 $142 36. d4 (36. Nxd5 Qe5 $16) 36... h6 37. Nxd5 Nd7) 36. Nf1 h5 (36... Nd7 $142 37. Qc7 Nf8) 37. Qe5 Nd7 38. Qe8+ (38. Qd5 $18 Nf8 39. f4) 38... Nf8 $16 39. h4 Qa5 40. Nh2 ({White should play} 40. f4 $18) 40... Kg7 (40... Qd5 $16 {was necessary.} 41. Qe4 Qd8) 41. Qe4 $18 Ne6 42. f4 Kf6 43. Nf3 Qf5 44. Qe5+ $2 (44. Qc6 $18) 44... Qxe5 $16 45. Nxe5 {[%mdl 4096] Endgame KN-KN} Ng7 46. Nf3 Nf5 47. Ne1 Ke7 48. Nc2 Ke6 49. Kf3 Kd6 50. g4 hxg4+ 51. Kxg4 Ke6 52. Kg5 f6+ $1 53. Kxg6 Nxh4+ 54. Kh5 Nf5 55. Kg4 Nh6+ 56. Kf3 {Threatens to win with Ke4.} Kd5 57. Nb4+ Kc5 58. Na6+ (58. Na2 $5 {[%cal Rf3e4]} Nf5 59. Nc1 $14) 58... Kb6 $1 59. Nb4 Kc5 60. Na2 {And now Ke4 would win.} f5 $2 {[%mdl 8192] [#] This move loses the game for Black.} (60... Nf5 $14) 61. Kg3 $1 $18 {[%cal Rg3h4]} Ng4 {[#]} 62. Kh4 $1 {[%cal Rh4h5]} Ne3 63. Kg5 Kd5 64. Kf6 $2 (64. Nc1 Ke6 65. Nb3) 64... Kd6 $2 (64... Nf1 65. Kxf5 Kd6) 65. Nc1 Kd5 66. Nb3 Nf1 67. Kxf5 Ng3+ 68. Kg5 Nxe2 69. f5 Ng1 70. f6 Nf3+ 71. Kg6 Ne5+ 72. Kg7 Nxd3 73. f7 Nf4 74. Kf6 Ne6 {[#]} 75. Nxd4 $1 {[%mdl 512]} Nf8 (75... Kxd4 76. Kxe6) 76. Nf3 Kd6 77. Ne5 {White mates.} Kd5 78. Ke7 Ne6 79. Ng6 {Accuracy: White = 82%, Black = 64%.} 1-0

[Event "SVK Extraliga 2019-20"]
[Site "Slovakia"]
[Date "2020.03.01"]
[Round "8.1"]
[White "Sahidi, Samir"]
[Black "Piorun, Kacper"]
[Result "1/2-1/2"]
[WhiteElo "2391"]
[BlackElo "2611"]
[Annotator "TA"]
[PlyCount "76"]
[EventDate "2019.10.19"]
[EventType "team-tourn"]
[EventCountry "SVK"]
[SourceTitle "playchess.com"]
[Source "ChessBase"]
[SourceQuality "1"]
[WhiteTeam "Bratislava"]
[BlackTeam "Dunajov"]

{[%evp 16,76,20,21,56,8,22,0,6,0,0,-12,0,-2,12,0,6,0,0,0,0,-13,-13,-13,0,0,0,-9,-8,0,0,0,0,-7,0,0,0,0,0,-11,-10,-17,-9,-23,0,0,4,0,0,-9,0,0,0,0,6,0,23,21,25,15,10,4,43]} 1. e4 c5 2. Nf3 d6 3. Bb5+ Nc6 4. O-O Bd7 5. c3 Nf6 6. Re1 a6 7. Ba4 b5 8. Bc2 e5 9. h3 Be7 {B51: Sicilian: Moscow Variation (3 Bb5+) without 3...Bd7.} 10. d3 O-O 11. Nbd2 Re8 12. Nf1 h6 13. a3 Bf8 {[#]} 14. Ne3 $146 ({Predecessor:} 14. Bb3 Be6 15. Bxe6 fxe6 16. N3h2 d5 {½-½ (16) Ciocaltea,V-Tringov,G (2460) Bihac 1979}) 14... Ne7 15. Bb3 Ng6 16. Nd5 Be6 17. Nxf6+ Qxf6 18. Bxe6 Qxe6 19. a4 Rab8 20. axb5 axb5 21. Ra6 Qc8 22. Ra7 Qe6 23. Ra6 Ra8 24. Rb6 Reb8 25. Rxb8 Rxb8 26. Bd2 Qa2 27. Qb1 Qb3 28. Be3 Be7 29. Kh2 Nf8 {[%cal Bg6f8,Bf8d7,Bd7c5][%mdl 32]} 30. g3 Nd7 31. Nd2 Qe6 32. b4 cxb4 33. Qxb4 Nc5 34. Qb1 Qc8 35. Rc1 Qa6 36. d4 Nd7 37. Qd3 Qb7 38. Rb1 Qa6 {A rather calm draw. Accuracy: White = 96%, Black = 91%.} 1/2-1/2

[Event "SVK Extraliga 2019-20"]
[Site "Slovakia"]
[Date "2020.03.01"]
[Round "8.2"]
[White "Miton, Kamil"]
[Black "Rohacek, Miroslav"]
[Result "1-0"]
[WhiteElo "2589"]
[BlackElo "2208"]
[Annotator "TA"]
[PlyCount "69"]
[EventDate "2019.10.19"]
[EventType "team-tourn"]
[EventCountry "SVK"]
[SourceTitle "playchess.com"]
[Source "ChessBase"]
[SourceQuality "1"]
[WhiteTeam "Dunajov"]
[BlackTeam "Bratislava"]

{[%evp 21,69,15,21,27,20,25,24,20,49,64,61,33,51,54,66,63,125,120,153,165,252,175,325,310,331,295,541,527,531,541,533,530,531,517,545,482,472,491,439,425,711,532,940,966,899,918,835,847,983,983]} 1. d4 Nf6 2. c4 e6 3. Nc3 d5 4. cxd5 exd5 5. Bg5 Be7 6. e3 O-O 7. Bd3 Nbd7 8. Nge2 c6 9. Qc2 Re8 10. O-O h6 11. Bh4 Nh5 12. Bxe7 {D36: Queen's Gambit Declined: Exchange Variation: Main line (5 Bg5 c6 6 Qc2).} Qxe7 13. Rae1 Ndf6 14. Nc1 {White has an edge.} Qd6 15. f3 {[#]} g6 $146 ({Predecessor:} 15... g5 16. Qf2 Be6 17. Bb1 Rad8 18. Nd3 b6 19. Ne5 Nd7 20. f4 f6 21. Nxd7 Rxd7 22. fxg5 hxg5 {1-0 (31) Zahedifar,A (2074)-Alavi,M (1707) Rasht 2019}) 16. Nb3 Be6 17. Qf2 Rad8 18. g4 Ng7 (18... Bxg4 $1 $14 19. fxg4 Nxg4) 19. Qh4 $16 Nd7 20. Qxh6 c5 (20... Nf6 $142 21. Kh1 Qf8) 21. Bb5 {aiming for Nxc5.} c4 (21... cxd4 {is a better defense.} 22. Nxd4 a6) 22. Nc5 $18 Rb8 23. Kh1 Re7 $2 {[#]} (23... Nxc5 24. dxc5 (24. Bxe8 Nd3 $16) 24... Qxc5 25. Bxe8 Nxe8) 24. Bxd7 {White is clearly winning.} Bxd7 25. e4 Bc6 26. e5 Qd8 27. f4 {[#] Hoping for f5.} Ne6 28. Nxe6 Rxe6 29. Re3 {Threatening mate with Rh3.} Qf8 30. Qh4 Qd8 (30... Qe7 $142 31. Qg3 f6) 31. Qf2 Re8 32. f5 Qg5 33. fxg6 Qxg6 34. Rf3 Re7 35. Qh4 {Black did not feel at home in the position after the opening. Accuracy: White = 78%, Black = 34%.} 1-0

[Event "SVK Extraliga 2019-20"]
[Site "Slovakia"]
[Date "2020.03.01"]
[Round "8.2"]
[White "Babula, Vlastimil"]
[Black "Roubalik, Jakub"]
[Result "1-0"]
[WhiteElo "2570"]
[BlackElo "2402"]
[Annotator "TA"]
[PlyCount "65"]
[EventDate "2019.10.19"]
[EventType "team-tourn"]
[EventCountry "SVK"]
[SourceTitle "playchess.com"]
[Source "ChessBase"]
[SourceQuality "1"]
[WhiteTeam "Snina"]
[BlackTeam "Dubnica"]

{[%evp 17,65,0,0,0,0,-7,10,-10,-11,-16,0,0,10,0,91,72,85,93,97,77,166,158,140,155,127,100,117,71,60,31,168,183,316,181,585,604,764,741,1296,1239,1196,1161,29983,29984,12840,12840,12841,12841,29988,12842]} 1. d4 d5 2. c4 c6 3. Nf3 Nf6 4. Nc3 e6 5. Bg5 h6 6. Bh4 dxc4 7. e4 g5 8. Bg3 b5 9. Be2 Bb7 10. Qc2 {D43: Semi-Slav: 5 Bg5 h6.} Nbd7 11. Rd1 Qb6 12. Nd2 {The position is equal.} Be7 13. O-O h5 {aiming for ...h4.} 14. h3 h4 15. Bh2 $1 {[#]} Nf8 $146 (15... Rd8 $11) ({Predecessor:} 15... g4 16. hxg4 h3 17. Bg3 O-O-O 18. b3 Rdg8 19. gxh3 Rxh3 20. Kg2 Rxg3+ 21. fxg3 Qxd4 22. Nxc4 {0-1 (55) Adhiban,B (2677)-Van Wely,L (2646) Linares 2017}) 16. b3 $16 cxb3 17. Nxb3 Ng6 18. a4 Nf4 (18... a6 $16) 19. Bxf4 $18 gxf4 20. a5 $36 {[%mdl 2048] White is on the roll.} ({Of course not} 20. axb5 $6 cxb5 21. Bxb5+ Kf8 $11) 20... Qd8 21. a6 Bxa6 22. d5 cxd5 23. exd5 Qb6 {Loses the game.} ({Black should try} 23... exd5 $14 24. Nxd5 Nxd5) 24. dxe6 Rc8 (24... O-O $142) 25. Nd4 (25. exf7+ $142 Kf8 26. Qb2) 25... f3 $2 {[#]} (25... O-O {is more resistant.}) 26. exf7+ Kf8 27. Bxf3 b4 28. Rfe1 Rxc3 29. Qg6 {Strongly threatening Nf5.} Bc8 {[#]} 30. Rxe7 $1 {[%mdl 576] Clearance} Kxe7 31. Qg7 {[%csl Gg7][%cal Rf7f8]} Rf8 32. Re1+ Be6 33. Nxe6 {Accuracy: White = 78%, Black = 34%.} (33. Nf5+ $142 Kd7 34. Qxf8 Qc5 35. Rd1+ Bd5 36. Qxc5 Rxc5 37. f8=Q {[%mdl 64] Double Attack} Rc6 38. Bxd5) 1-0